Loading...
| History - World History | 1 | 1 | 1 | 1 | 20 | 66 | 100.00 | 2 | 2 |
| Pop Culture | 1 | 0 | 0 | 0 | 15 | 30 | 30.00 | 1 | 1 |
| Science - Chemistry | 0 | 1 | 0 | 0 | 10 | 135 | 135.00 | 0 | 1 |
| Fine Arts - Other Fine Arts | 0 | 1 | 0 | 0 | 10 | 142 | 142.00 | 1 | 1 |
| Social Science | 0 | 1 | 0 | 0 | 10 | 84 | 84.00 | 1 | 1 |
| Religion | 0 | 1 | 0 | 0 | 10 | 100 | 100.00 | 1 | 1 |
| Literature - American Literature | 0 | 1 | 0 | 0 | 10 | 133 | 133.00 | 0 | 1 |
| History - American History | 0 | 1 | 0 | 0 | 10 | 139 | 139.00 | 0 | 1 |
| Literature - World Literature | 0 | 1 | 0 | 1 | 10 | 141 | 141.00 | 0 | 1 |
| Mythology | 0 | 1 | 0 | 0 | 10 | 137 | 137.00 | 0 | 1 |
| Philosophy | 0 | 1 | 0 | 1 | 10 | 133 | 133.00 | 0 | 1 |
| Literature - European Literature | 0 | 0 | 0 | 0 | 0 | 0.00 | 0 | 0 | |
| History - European History | 0 | 0 | 0 | 0 | 0 | 0.00 | 0 | 0 | |
| Fine Arts - Auditory Fine Arts | 0 | 0 | 0 | 0 | 0 | 0.00 | 0 | 0 | |
| History - Other History | 0 | 0 | 1 | 0 | -5 | 0.00 | 0 | 0 |